| 000 | 00402nam a2200169 a 4500 | ||
|---|---|---|---|
| 001 | 4343 | ||
| 005 | 20180713184225.0 | ||
| 008 | 140415s1973 000 0 spa d | ||
| 041 | _aspa | ||
| 082 |
_a137.7 _bXAN |
||
| 100 | 1 | _aXANDRO, MAURICIO | |
| 245 | 1 | 0 | _aGRAFOLOGIA ELEMENTAL |
| 250 | _a2a ed. | ||
| 260 |
_a[s.l.] : _bSTVDIVM, _c1973 |
||
| 300 | _a121 | ||
| 650 | 1 | 4 | _aGRAFOLOGIA |
| 999 |
_c4343 _d4343 |
||